| 000 | 00375nam a22001577a 4500 | ||
|---|---|---|---|
| 020 | _a978-93-80961-10-1 | ||
| 082 |
_aH301 _bNEE/K |
||
| 100 | _aNeeraj Vyas | ||
| 245 |
_aKhadi Ke Kavach Kundal/ _cby Neeraj Vyas |
||
| 260 |
_aIlahabad: _bSakshar, _c2012. |
||
| 300 | _a128p. | ||
| 650 | _aStories Hindi | ||
| 650 | _aLiterature Hindi | ||
| 650 | _aLiterature | ||
| 942 | _cBK | ||
| 999 |
_c52096 _d52096 |
||